| 000 | 00354nam a2200133Ia 4500 | ||
|---|---|---|---|
| 008 | 151213s9999 xx 000 0 und d | ||
| 100 | _aPaul West | ||
| 245 |
_aByron : A Collection of Critical Essays _cPaul West |
||
| 260 |
_aEnglewood Cliffs N. J. _bPrintice Hall _c1963 |
||
| 300 | _a1865 p. | ||
| 650 | _aEnglish | ||
| 700 | _aPaul West | ||
| 999 |
_c1370 _d1370 |
||